[Event "Sao Paulo op 04"]
[Site "Sao Paulo"]
[Date "2014.04.??"]
[Round "1"]
[White "De Toledo, James Mann"]
[Black "Matsuura, Everaldo"]
[Result "0-1"]
[WhiteElo "2388"]
[BlackElo "2460"]
[PlyCount "56"]
[EventDate "2014.04.??"]
[EventType "team-match"]
[EventRounds "7"]
[EventCountry "BRA"]
[SourceTitle "EXT 2015"]
[Source "ChessBase"]
[SourceDate "2014.11.20"]
[SourceVersion "1"]
[SourceVersionDate "2014.11.20"]
[SourceQuality "1"]

1. d4 d5 2. c4 e6 3. cxd5 exd5 4. Nc3 c6 5. Bf4 Bd6 6. Qd2 Nf6 7. Nf3 0-0 8. Bg3 Ne4 9. Nxe4 dxe4 10. Ne5 Be6 11. e3 Qe7 12. a3 b5 13. Rc1 Bd5 14. h3 f6 15. Ng4 Nd7 16. Be2 Bxg3 17. fxg3 f5 18. Nh2 Qd6 19. Kf2 a5 20. Rhe1 g5 21. Nf1 a4 22. Kg1 Rae8 23. Rc3 Re7 24. Rec1 Rg7 25. Bd1 Nb6 26. Be2 f4 27. exf4 gxf4 28. gxf4 Rxg2+ 0-1

[Event "Maringa op"]
[Site "Maringa"]
[Date "2011.07.02"]
[Round "5"]
[White "De Toledo, James Mann"]
[Black "Utiyama, Marcel Heimar Ribei"]
[Result "1/2-1/2"]
[WhiteElo "2394"]
[BlackElo "2117"]
[PlyCount "28"]
[EventDate "2011.06.30"]
[EventType "swiss"]
[EventRounds "7"]
[EventCountry "BRA"]
[SourceTitle "EXT 2014"]
[Source "ChessBase"]
[SourceDate "2013.11.20"]
[SourceVersion "1"]
[SourceVersionDate "2013.11.20"]
[SourceQuality "1"]

1. c4 Nf6 2. Nc3 d5 3. cxd5 Nxd5 4. g3 g6 5. Bg2 Nxc3 6. bxc3 Bg7 7. Rb1 Nc6 8. Nf3 0-0 9. 0-0 b6 10. d3 Bb7 11. Qa4 Na5 12. Qh4 e5 13. Bg5 f6 14. Bh6 c5 1/2-1/2

[Event "Maringa op"]
[Site "Maringa"]
[Date "2011.07.01"]
[Round "3"]
[White "De Toledo, James Mann"]
[Black "Nery Junior, Jose Antonio"]
[Result "1-0"]
[WhiteElo "2394"]
[BlackElo "2017"]
[PlyCount "119"]
[EventDate "2011.06.30"]
[EventType "swiss"]
[EventRounds "7"]
[EventCountry "BRA"]
[SourceTitle "EXT 2014"]
[Source "ChessBase"]
[SourceDate "2013.11.20"]
[SourceVersion "1"]
[SourceVersionDate "2013.11.20"]
[SourceQuality "1"]

1. d4 Nf6 2. Bg5 c5 3. Bxf6 exf6 4. c3 b6 5. Nf3 Bb7 6. e3 d5 7. Nbd2 Bd6 8. Qa4+ Nc6 9. Ba6 Bxa6 10. Qxc6+ Ke7 11. Qxd5 Qd7 12. dxc5 Bxc5 13. Qe4+ Qe6 14. Nd4 Bxd4 15. Qxe6+ fxe6 16. exd4 Rhd8 17. 0-0-0 Rac8 18. Ne4 Rd5 19. Rhe1 Ra5 20. a3 Rh5 21. h3 Bb7 22. Rd2 Rd5 23. f3 Rd7 24. Nf2 Kf7 25. Kc2 Ba6 26. a4 Rcd8 27. b3 Rc7 28. c4 Rcd7 29. Kc3 Bb7 30. Red1 Rc7 31. Rd3 Rcd7 32. R1d2 Rc7 33. Nd1 Rd6 34. Ne3 g6 35. d5 e5 36. b4 Ba6 37. Kb3 f5 38. Rc3 Rd8 39. d6 Rc6 40. b5 Rcxd6 41. Rxd6 Rxd6 42. bxa6 Rd2 43. a5 bxa5 44. c5 Ke7 45. c6 Kd8 46. c7+ Kc8 47. Nc4 Rd7 48. Nxe5 Rd6 49. Rc6 Rxc6 50. Nxc6 Kxc7 51. Nd4 Kb6 52. Ne6 Kxa6 53. Nf8 Kb5 54. Nxh7 a4+ 55. Ka3 Kc5 56. Nf8 g5 57. Ne6+ Kd5 58. Nxg5 Ke5 59. g3 f4 60. g4 1-0

[Event "JAI op"]
[Site "Sao Caetano do Sul"]
[Date "2009.10.??"]
[Round "4"]
[White "De Toledo, James Mann"]
[Black "Santos, Marcus Vinicius M"]
[Result "1-0"]
[WhiteElo "2394"]
[BlackElo "2393"]
[PlyCount "95"]
[EventDate "2009.10.07"]
[EventType "team-tourn"]
[EventRounds "5"]
[EventCountry "BRA"]
[SourceTitle "EXT 2011"]
[Source "ChessBase"]
[SourceDate "2010.11.26"]
[SourceVersion "1"]
[SourceVersionDate "2010.11.26"]
[SourceQuality "1"]
[WhiteTeam "Sao Bernardo do Campo"]
[BlackTeam "Santos"]
[WhiteTeamCountry "BRA"]
[BlackTeamCountry "BRA"]

1. d4 Nf6 2. Nf3 g6 3. g3 Bg7 4. Bg2 0-0 5. 0-0 d6 6. b3 c6 7. Bb2 Qa5 8. Nbd2 Qh5 9. Re1 Bh3 10. e4 Ng4 11. Qe2 c5 12. c3 cxd4 13. cxd4 Nc6 14. Nf1 Rac8 15. a3 Rc7 16. e5 dxe5 17. dxe5 e6 18. Rac1 Rd7 19. Rc4 Bxg2 20. Kxg2 Rd5 21. Re4 f5 22. exf6 Nxf6 23. Rh4 Qf5 24. Ne3 Qd3 25. Nxd5 Qxd5 26. Qxe6+ Qxe6 27. Rxe6 Nd7 28. Bxg7 Kxg7 29. Nd4 g5 30. Rg4 Kf7 31. Rd6 Ke7 32. Rh6 Nce5 33. Rxh7+ Kf6 34. Re4 Nc5 35. Re2 g4 36. Rh6+ Kg7 37. Rxe5 Nd3 38. Nf5+ Kg8 39. Ne7+ Kg7 40. Rg6+ Kf7 41. Ree6 Rd8 42. Rgf6+ Kg7 43. Rd6 Ne1+ 44. Kf1 Re8 45. Nf5+ Kg8 46. Rg6+ Kh7 47. Rh6+ Kg8 48. Rde6 1-0

[Event "JAI op"]
[Site "Sao Caetano do Sul"]
[Date "2009.10.??"]
[Round "2"]
[White "Milos, Gilberto"]
[Black "De Toledo, James Mann"]
[Result "1-0"]
[WhiteElo "2593"]
[BlackElo "2394"]
[PlyCount "51"]
[EventDate "2009.10.07"]
[EventType "team-tourn"]
[EventRounds "5"]
[EventCountry "BRA"]
[SourceTitle "EXT 2011"]
[Source "ChessBase"]
[SourceDate "2010.11.26"]
[SourceVersion "1"]
[SourceVersionDate "2010.11.26"]
[SourceQuality "1"]
[WhiteTeam "Americana"]
[BlackTeam "Sao Bernardo do Campo"]
[WhiteTeamCountry "BRA"]
[BlackTeamCountry "BRA"]

1. d4 d5 2. c4 e6 3. Nc3 c5 4. cxd5 exd5 5. Nf3 Nc6 6. g3 c4 7. Bg5 f6 8. Bd2 Bb4 9. b3 Bg4 10. Bg2 Bxf3 11. Bxf3 Nxd4 12. Nxd5 Nxf3+ 13. exf3 Qxd5 14. Bxb4 Qe5+ 15. Kf1 Rd8 16. Qe1 cxb3 17. Qxe5+ fxe5 18. axb3 a6 19. Re1 Kf7 20. Rxe5 Rd7 21. Kg2 Nf6 22. Rhe1 Nd5 23. Ba3 Rc8 24. h4 Rc3 25. Rf5+ Kg6 26. Rg5+ 1-0

[Event "BRA-ch 73rd"]
[Site "Guarulhos"]
[Date "2006.12.01"]
[Round "9"]
[White "Diamant, Andre"]
[Black "De Toledo, James Mann"]
[Result "0-1"]
[WhiteElo "2396"]
[BlackElo "2376"]
[PlyCount "84"]
[EventDate "2006.11.24"]
[EventType "tourn"]
[EventRounds "11"]
[EventCountry "BRA"]
[EventCategory "7"]
[SourceTitle "CBM 115 Extra"]
[Source "ChessBase"]
[SourceDate "2007.01.10"]
[SourceVersion "1"]
[SourceVersionDate "2007.01.10"]
[SourceQuality "1"]

1. e4 e5 2. Nf3 Nc6 3. Bb5 a6 4. Ba4 Nf6 5. 0-0 Be7 6. Re1 b5 7. Bb3 d6 8. c3 0-0 9. h3 Nb8 10. d4 Nbd7 11. Nbd2 Bb7 12. d5 c6 13. dxc6 Bxc6 14. Bc2 Qc7 15. Nf1 Rfe8 16. Ng3 Bf8 17. Bb3 Nc5 18. Bc2 Qb7 19. Qe2 d5 20. exd5 Bxd5 21. Bg5 Nfd7 22. Rad1 h6 23. Be3 Rad8 24. Bb1 g6 25. Nh4 Nf6 26. Qc2 Ne6 27. Qc1 g5 28. Rxd5 Qxd5 29. Nhf5 Nf4 30. f3 Re6 31. Qc2 h5 32. Kh2 h4 33. Bxf4 hxg3+ 34. Bxg3 Qd2 35. Qb3 Nh5 36. Re4 Nf4 37. Bxf4 gxf4 38. a4 Qf2 39. Ne3 Rd2 40. Ba2 Rxb2 41. Qd5 Rxa2 42. axb5 Rg6 0-1

[Event "BRA-ch 73rd"]
[Site "Guarulhos"]
[Date "2006.11.27"]
[Round "5"]
[White "Limp, Eduardo Thelio"]
[Black "De Toledo, James Mann"]
[Result "1/2-1/2"]
[WhiteElo "2416"]
[BlackElo "2376"]
[PlyCount "92"]
[EventDate "2006.11.24"]
[EventType "tourn"]
[EventRounds "11"]
[EventCountry "BRA"]
[EventCategory "7"]
[SourceTitle "CBM 115 Extra"]
[Source "ChessBase"]
[SourceDate "2007.01.10"]
[SourceVersion "1"]
[SourceVersionDate "2007.01.10"]
[SourceQuality "1"]

1. Nf3 Nf6 2. d4 d5 3. c4 e6 4. Nc3 Nbd7 5. cxd5 exd5 6. Bg5 Bb4 7. Qb3 c5 8. 0-0-0 Bxc3 9. Qxc3 0-0 10. dxc5 Qc7 11. Bxf6 Nxf6 12. e3 Ne4 13. Qc2 Be6 14. Bd3 Rfc8 15. Bxe4 dxe4 16. Nd4 Qe5 17. Nxe6 fxe6 18. Kb1 Rxc5 19. Qa4 Rf8 20. Rd2 Rd5 21. Rc2 a6 22. Rhc1 h6 23. h4 Rb5 24. g4 Rd8 25. Qa3 Qf6 26. h5 Rg5 27. Qb4 Rxg4 28. Qxb7 Rh4 29. Rg1 Rxh5 30. Qxe4 Rhd5 31. Rc7 Rd1+ 32. Rxd1 Rxd1+ 33. Kc2 Qxf2+ 34. Kxd1 Qg1+ 35. Ke2 Qh2+ 36. Kd3 Qd6+ 37. Ke2 Qh2+ 38. Kf1 Qxc7 39. Qxe6+ Kh8 40. Qxa6 Qc1+ 41. Kf2 Qxb2+ 42. Qe2 Qf6+ 43. Kg2 Qg5+ 44. Kh3 Qf5+ 45. Kg2 Qg5+ 46. Kh3 Qf5+ 1/2-1/2

[Event "BRA-ch 73rd"]
[Site "Guarulhos"]
[Date "2006.11.26"]
[Round "4"]
[White "De Toledo, James Mann"]
[Black "Vescovi, Giovanni P"]
[Result "1/2-1/2"]
[WhiteElo "2376"]
[BlackElo "2592"]
[PlyCount "115"]
[EventDate "2006.11.24"]
[EventType "tourn"]
[EventRounds "11"]
[EventCountry "BRA"]
[EventCategory "7"]
[SourceTitle "CBM 115 Extra"]
[Source "ChessBase"]
[SourceDate "2007.01.10"]
[SourceVersion "1"]
[SourceVersionDate "2007.01.10"]
[SourceQuality "1"]

1. Nf3 Nf6 2. b3 d5 3. Bb2 Bf5 4. e3 Nbd7 5. Be2 h6 6. 0-0 e6 7. c4 Bd6 8. d4 c6 9. Nc3 0-0 10. h3 Bg6 11. Bd3 Ne4 12. Qc2 f5 13. Ne2 Qf6 14. Nd2 Bh5 15. f3 Qh4 16. Bc3 Ng5 17. f4 Nxh3+ 18. gxh3 Bxe2 19. Bxe2 Qg3+ 20. Kh1 Qxh3+ 21. Kg1 Qg3+ 22. Kh1 Qh3+ 23. Kg1 Rf6 24. Bf3 Qg3+ 25. Bg2 Qxe3+ 26. Kh1 Rg6 27. Rf3 Qe2 28. Bf1 Qxf3+ 29. Nxf3 Bxf4 30. Ne5 Nxe5 31. dxe5 Rg4 32. Re1 Rd8 33. c5 d4 34. Ba5 Rd5 35. Bc4 d3 36. Bxd3 Bxe5 37. Bc4 Rh4+ 38. Kg1 Rg4+ 39. Kf1 Rf4+ 40. Ke2 Re4+ 41. Kf3 Rf4+ 42. Ke3 Re4+ 43. Kf3 Rf4+ 44. Ke3 Re4+ 45. Qxe4 fxe4 46. Bxd5 exd5 47. Rf1 g5 48. Bd8 Kg7 49. Be7 Kg6 50. Rf8 Bf4+ 51. Kd4 h5 52. Bd6 Kg7 53. Rb8 h4 54. Rxb7+ Kg6 55. Rb8 Kg7 56. Rb7+ Kg6 57. Rb8 Kg7 58. Rb7+ 1/2-1/2

[Event "BRA-ch sf"]
[Site "Sao Paulo"]
[Date "2006.??.??"]
[Round "7"]
[White "Diamant, Andre"]
[Black "De Toledo, James Mann"]
[Result "1/2-1/2"]
[WhiteElo "2244"]
[BlackElo "2376"]
[PlyCount "20"]
[EventDate "2006.??.??"]
[EventType "swiss"]
[EventRounds "7"]
[EventCountry "BRA"]
[SourceTitle "EXT 2008"]
[Source "ChessBase"]
[SourceDate "2007.11.25"]
[SourceVersion "1"]
[SourceVersionDate "2007.11.25"]
[SourceQuality "1"]

1. c4 e6 2. Nf3 Nf6 3. d4 d5 4. Nc3 Be7 5. Bg5 0-0 6. e3 h6 7. Bh4 b6 8. cxd5 Nxd5 9. Bxe7 Qxe7 10. Nxd5 exd5 1/2-1/2

[Event "BRA-ch sf"]
[Site "Sao Paulo"]
[Date "2006.??.??"]
[Round "3"]
[White "Tsuboi, Edson Kenji"]
[Black "De Toledo, James Mann"]
[Result "1/2-1/2"]
[WhiteElo "2287"]
[BlackElo "2376"]
[PlyCount "42"]
[EventDate "2006.??.??"]
[EventType "swiss"]
[EventRounds "7"]
[EventCountry "BRA"]
[SourceTitle "EXT 2008"]
[Source "ChessBase"]
[SourceDate "2007.11.25"]
[SourceVersion "1"]
[SourceVersionDate "2007.11.25"]
[SourceQuality "1"]

1. e4 c5 2. Nf3 e6 3. d4 cxd4 4. Nxd4 Nc6 5. Nb5 d6 6. c4 Nf6 7. N1c3 a6 8. Na3 Be7 9. Be2 b6 10. 0-0 Bb7 11. Be3 0-0 12. Qb3 Nd7 13. Rfd1 Nc5 14. Qc2 Bf6 15. f3 Qe7 16. Rab1 Nb4 17. Qd2 d5 18. cxd5 exd5 19. Nxd5 Nxd5 20. exd5 Bxd5 21. Bc4 Bb7 1/2-1/2

[Event "Paulisto-ch"]
[Site "Americana"]
[Date "2005.07.03"]
[Round "6"]
[White "De Toledo, James Mann"]
[Black "Lima, Diiniz Neves"]
[Result "1-0"]
[WhiteElo "2373"]
[BlackElo "2090"]
[PlyCount "63"]
[EventDate "2005.06.30"]
[EventType "swiss"]
[EventRounds "6"]
[EventCountry "BRA"]
[SourceTitle "EXT 2006"]
[Source "ChessBase"]
[SourceDate "2005.11.24"]
[SourceVersion "1"]
[SourceVersionDate "2005.11.24"]
[SourceQuality "1"]

1. c4 Nf6 2. Nc3 d5 3. cxd5 Nxd5 4. d4 Nxc3 5. bxc3 e5 6. Nf3 exd4 7. cxd4 c5 8. d5 b5 9. e4 c4 10. Rb1 Qa5+ 11. Qd2 c3 12. Bxb5+ Qxb5 13. Qxc3 Qc5 14. Qe5+ Be7 15. 0-0 Nd7 16. Qxg7 Bf6 17. Qg3 Qf8 18. e5 Rg8 19. Qf4 Qg7 20. g3 Bd8 21. e6 fxe6 22. dxe6 Nb6 23. Bb2 Qe7 24. Nd4 Rf8 25. Qe5 Rf6 26. Qb5+ Kf8 27. Nc6 Qe8 28. Ba3+ Kg8 29. Nxd8 Qxb5 30. Rxb5 Ba6 31. Rg5+ Rg6 32. e7 1-0

[Event "Regina Helena Marques 2nd"]
[Site "Santos"]
[Date "2004.08.08"]
[Round "9"]
[White "El Debs, Felipe de Cresce"]
[Black "De Toledo, James Mann"]
[Result "1/2-1/2"]
[WhiteElo "2318"]
[BlackElo "2369"]
[PlyCount "22"]
[EventDate "2004.07.31"]
[EventType "tourn"]
[EventRounds "9"]
[EventCountry "BRA"]
[EventCategory "3"]
[SourceTitle "EXT 2005"]
[Source "ChessBase"]
[SourceDate "2004.11.15"]
[SourceVersion "1"]
[SourceVersionDate "2004.11.15"]
[SourceQuality "1"]

1. e4 c5 2. Nc3 e6 3. g3 d5 4. exd5 exd5 5. Bg2 Nf6 6. d3 d4 7. Ne4 Nxe4 8. Bxe4 Nd7 9. Ne2 Nf6 10. Bg2 Bd6 11. 0-0 0-0 1/2-1/2

[Event "Regina Helena Marques 2nd"]
[Site "Santos"]
[Date "2004.08.07"]
[Round "8"]
[White "De Toledo, James Mann"]
[Black "Claverie, Raul Ricardo"]
[Result "1-0"]
[WhiteElo "2369"]
[BlackElo "2354"]
[PlyCount "171"]
[EventDate "2004.07.31"]
[EventType "tourn"]
[EventRounds "9"]
[EventCountry "BRA"]
[EventCategory "3"]
[SourceTitle "EXT 2005"]
[Source "ChessBase"]
[SourceDate "2004.11.15"]
[SourceVersion "1"]
[SourceVersionDate "2004.11.15"]
[SourceQuality "1"]

1. e4 e6 2. d4 d5 3. exd5 exd5 4. Nf3 Nf6 5. Bd3 Be7 6. h3 0-0 7. 0-0 Ne4 8. c4 Nc6 9. Re1 Nd6 10. cxd5 Nb4 11. Nc3 Nxd3 12. Qxd3 Bf5 13. Qd1 Re8 14. Bf4 a6 15. Rc1 h6 16. Qb3 Rb8 17. Ne5 Bg5 18. Bxg5 Qxg5 19. Ne2 Rbc8 20. Ng3 Bh7 21. Nf3 Rxe1+ 22. Rxe1 Qf4 23. Qe3 Qxe3 24. fxe3 Ne4 25. Ne2 Kf8 26. Rc1 Ke7 27. Ne5 f6 28. Nc4 Kd7 29. Nf4 g5 30. Ne6 Bg8 31. Na5 b6 32. Nc6 Bxe6 33. dxe6+ Kxe6 34. Na7 Rd8 35. Nc6 Rd6 36. Nb8 c5 37. Nxa6 cxd4 38. Nc7+ Ke5 39. Nb5 Rd7 40. Nxd4 f5 41. Nf3+ Kf6 42. Rc6+ Kg7 43. Nd4 f4 44. Rxb6 Kh7 45. Nf5 Rd1+ 46. Kh2 Nf2 47. g4 Rd2 48. exf4 gxf4 49. Kg2 Nd3+ 50. Kf3 Rh2 51. Rxh6+ Kg8 52. Ke4 Nxb2 53. Kxf4 Nd3+ 54. Kg5 Rxa2 55. Rb6 Rh2 56. h4 Ne5 57. Rb5 Nd7 58. Rd5 Nf8 59. h5 Nh7+ 60. Kg6 Nf8+ 61. Kg5 Nh7+ 62. Kg6 Nf8+ 63. Kf6 Nh7+ 64. Ke5 Re2+ 65. Kf4 Nf6 66. Rd4 Kf7 67. Ng3 Rf2+ 68. Ke3 Rh2 69. Kf3 Ke6 70. g5 Nd7 71. g6 Ne5+ 72. Ke3 Rh3 73. Kf2 Rh2+ 74. Ke3 Rh3 75. Kf2 Rh2+ 76. Kf1 Rh3 77. Kg2 Rh2+ 78. Kxh2 Nf3+ 79. Kh3 Nxd4 80. Ne4 Ke7 81. Kg4 Kf8 82. h6 Nc6 83. Nf6 Ke7 84. g7 Ne5+ 85. Kh5 Nd7 86. Nxd7 1-0

[Event "Regina Helena Marques 2nd"]
[Site "Santos"]
[Date "2004.08.06"]
[Round "7"]
[White "Arni, Julian Kirsten"]
[Black "De Toledo, James Mann"]
[Result "0-1"]
[WhiteElo "2268"]
[BlackElo "2369"]
[PlyCount "86"]
[EventDate "2004.07.31"]
[EventType "tourn"]
[EventRounds "9"]
[EventCountry "BRA"]
[EventCategory "3"]
[SourceTitle "EXT 2005"]
[Source "ChessBase"]
[SourceDate "2004.11.15"]
[SourceVersion "1"]
[SourceVersionDate "2004.11.15"]
[SourceQuality "1"]

1. c4 e6 2. Nc3 Bb4 3. e4 Ne7 4. a3 Bxc3 5. dxc3 b6 6. Qg4 0-0 7. h4 e5 8. Qg3 d6 9. c5 bxc5 10. Bh6 Ng6 11. Bg5 Qd7 12. h5 Nf4 13. h6 g6 14. Bxf4 exf4 15. Qxf4 Qe7 16. 0-0-0 Nd7 17. Nf3 Bb7 18. Bb5 f6 19. Nh4 Kh8 20. Qg4 Ne5 21. Qg3 Rab8 22. Rhe1 c4 23. f4 Nd3+ 24. Rxd3 cxd3 25. f5 g5 26. Ng6+ hxg6 27. fxg6 Rg8 28. g7+ Kh7 29. Qh3 Bc8 30. Qxd3 Rxb5 31. e5+ f5 32. Qxb5 Kxh6 33. g4 Kxg7 34. Re2 Re8 35. gxf5 dxe5 36. f6+ Kxf6 37. Qc6+ Kg7 38. Rh2 Rh8 39. Rf2 Qd6 40. Qg2 g4 41. Qe4 Qh6+ 42. Kc2 Qg6 43. Kd3 Rh3+ 0-1

[Event "Regina Helena Marques 2nd"]
[Site "Santos"]
[Date "2004.08.01"]
[Round "2"]
[White "De Toledo, James Mann"]
[Black "Santos, Marcus Vinicius M"]
[Result "1/2-1/2"]
[WhiteElo "2369"]
[BlackElo "2305"]
[PlyCount "52"]
[EventDate "2004.07.31"]
[EventType "tourn"]
[EventRounds "9"]
[EventCountry "BRA"]
[EventCategory "3"]
[SourceTitle "EXT 2005"]
[Source "ChessBase"]
[SourceDate "2004.11.15"]
[SourceVersion "1"]
[SourceVersionDate "2004.11.15"]
[SourceQuality "1"]

1. e4 e5 2. Nf3 Nc6 3. Bb5 a6 4. Bxc6 dxc6 5. 0-0 f6 6. d4 Bg4 7. dxe5 Qxd1 8. Rxd1 fxe5 9. Rd3 Bd6 10. Nbd2 Nf6 11. Nc4 0-0 12. Nfxe5 Be2 13. Re3 Bxc4 14. Nxc4 Bc5 15. Re2 Rae8 16. Be3 Rxe4 17. Nd2 Re6 18. Rae1 Rfe8 19. Nb3 Bxe3 20. Rxe3 Rxe3 21. fxe3 b6 22. a3 Ne4 23. Re2 c5 24. c3 Rd8 25. Kf1 Kf7 26. Ke1 Ke6 1/2-1/2

[Event "Sao Paulo Interclubs"]
[Site "Sao Paulo"]
[Date "2003.??.??"]
[Round "4"]
[White "De Toledo, James Mann"]
[Black "Garcia, Manuel Valentim"]
[Result "1/2-1/2"]
[WhiteElo "2375"]
[BlackElo "2251"]
[PlyCount "141"]
[EventDate "2003.03.08"]
[EventType "team"]
[EventRounds "7"]
[EventCountry "BRA"]
[SourceTitle "CBM 093 Extra"]
[Source "ChessBase"]
[SourceDate "2003.05.09"]
[SourceVersion "1"]
[SourceVersionDate "2003.05.09"]
[SourceQuality "1"]

1. c4 Nf6 2. Nc3 d5 3. cxd5 Nxd5 4. g3 g6 5. Bg2 Nxc3 6. bxc3 Bg7 7. Rb1 0-0 8. Nf3 Nd7 9. 0-0 Nb6 10. Qc2 Bd7 11. d3 c5 12. c4 Bc6 13. Bb2 Nd7 14. Bxg7 Kxg7 15. Qc3+ Kg8 16. Ne5 Bxg2 17. Kxg2 Nxe5 18. Qxe5 b6 19. a4 Qb8 20. Qe4 Qd6 21. a5 Qf6 22. Rb5 Rab8 23. Rfb1 Rfd8 24. Qf4 Qc6+ 25. f3 Rd6 26. Kf2 Rb7 27. Qe5 Rd4 28. axb6 axb6 29. Ra1 f6 30. Qe3 Kg7 31. Ra6 e5 32. Qc1 Rd6 33. Qa1 Rb8 34. Ra7+ Rd7 35. Rb1 Rxa7 36. Qxa7+ Qb7 37. Ra1 Kf7 38. Ke3 Ke6 39. Qxb7 Rxb7 40. Ra8 b5 41. Ra6+ Ke7 42. Rc6 b4 43. Kd2 b3 44. Kc1 Ra7 45. Kb2 Ra2+ 46. Kxb3 Rxe2 47. Rc7+ Ke6 48. Rxh7 Re3 49. Kc2 Rxf3 50. Kd2 Rf2+ 51. Ke3 Rg2 52. Rh8 Ra2 53. h4 Rg2 54. Kf3 Rd2 55. Rd8 Rd1 56. Rd5 f5 57. Ke2 Rg1 58. Kf2 Rd1 59. Rd8 e4 60. Ke2 Rxd3 61. Rxd3 exd3+ 62. Kxd3 Kd6 63. Ke2 Ke6 64. Kf3 Ke5 65. Ke3 Ke6 66. Kf4 Kf6 67. g4 fxg4 68. Kxg4 Kf7 69. Kf4 Kf6 70. Ke4 Ke6 71. Kf4 1/2-1/2

[Event "Sao Paulo-ch"]
[Site "Sao Paulo"]
[Date "2002.03.??"]
[Round "5"]
[White "Van Riemsdijk, Dirk Dagobert"]
[Black "De Toledo, James Mann"]
[Result "0-1"]
[WhiteElo "2229"]
[BlackElo "2371"]
[PlyCount "86"]
[EventDate "2002.03.??"]
[EventType "swiss"]
[EventRounds "6"]
[EventCountry "BRA"]
[SourceTitle "EXT 2016"]
[Source "ChessBase"]
[SourceDate "2015.10.08"]
[SourceVersion "1"]
[SourceVersionDate "2015.10.08"]
[SourceQuality "1"]

1. e4 c5 2. Nf3 Nc6 3. d4 cxd4 4. Nxd4 e6 5. g3 Nf6 6. Bg2 Qb6 7. Nb3 Be7 8. Nc3 d6 9. Be3 Qc7 10. 0-0 a6 11. f4 Bd7 12. Qe2 Rc8 13. g4 h6 14. Rfc1 g6 15. Na4 h5 16. g5 Nh7 17. Nb6 Rd8 18. h4 0-0 19. Nxd7 Rxd7 20. c4 Rc8 21. Rd1 Nf8 22. Rac1 b6 23. Nd4 Nxd4 24. Bxd4 e5 25. Be3 exf4 26. Bxf4 Ne6 27. Be3 Bf8 28. Qf2 Rb8 29. Rd5 Bg7 30. b3 Be5 31. b4 Re7 32. a3 Qc6 33. Bh3 Nc7 34. Bg2 Nxd5 35. exd5 Qa4 36. c5 bxc5 37. bxc5 Rb2 38. cxd6 Re8 39. Qf3 Bxd6 40. Rc6 Qxa3 41. Rxd6 Qxd6 42. Bd4 Re1+ 43. Bf1 Qh2# 0-1

[Event "Sao Paulo-ch 6th leg"]
[Site "Sao Paulo"]
[Date "2002.??.??"]
[Round "5"]
[White "De Toledo, James Mann"]
[Black "Caldeira, Adriano"]
[Result "1/2-1/2"]
[WhiteElo "2371"]
[BlackElo "2334"]
[PlyCount "37"]
[EventDate "2002.08.10"]
[EventType "swiss"]
[EventRounds "6"]
[EventCountry "BRA"]
[SourceTitle "EXT 2003"]
[Source "ChessBase"]
[SourceDate "2002.11.25"]
[SourceVersion "1"]
[SourceVersionDate "2002.11.25"]
[SourceQuality "1"]

1. c4 Nf6 2. Nc3 g6 3. g3 Bg7 4. Bg2 0-0 5. Nf3 d6 6. 0-0 Nc6 7. Rb1 e5 8. d3 Bg4 9. Bg5 Qd7 10. Bxf6 Bxf6 11. b4 h6 12. b5 Nd8 13. Nd2 Bg7 14. Nd5 c6 15. bxc6 bxc6 16. Ne3 Be6 17. Qa4 f5 18. Nc2 Rf7 19. f4 1/2-1/2

[Event "Sao Paulo-ch fin"]
[Site "Serra Negra"]
[Date "2002.??.??"]
[Round "?"]
[White "De Toledo, James Mann"]
[Black "Caldeira, Adriano"]
[Result "0-1"]
[WhiteElo "2371"]
[BlackElo "2334"]
[PlyCount "68"]
[EventDate "2002.05.30"]
[EventType "swiss"]
[EventRounds "9"]
[EventCountry "BRA"]
[SourceTitle "CBM 088 Extra"]
[Source "ChessBase"]
[SourceDate "2002.07.01"]
[SourceVersion "2"]
[SourceVersionDate "2002.07.01"]
[SourceQuality "1"]

1. c4 c6 2. e4 d5 3. exd5 cxd5 4. cxd5 Nf6 5. Nc3 g6 6. Bc4 Bg7 7. Nge2 0-0 8. 0-0 Nbd7 9. d3 Nb6 10. Qb3 Bd7 11. h3 Ne8 12. Be3 Nd6 13. Qb4 Nf5 14. Bf4 a5 15. Qb3 Rc8 16. Rac1 Nd6 17. Bxd6 exd6 18. Bb5 Bxb5 19. Nxb5 Rxc1 20. Rxc1 Re8 21. Nbc3 h5 22. Qb5 a4 23. Qb4 Kh7 24. Rc2 Re5 25. d4 Re7 26. Nxa4 Nxd5 27. Qb5 Nf6 28. Nac3 Qc8 29. Qd3 Qe8 30. Rc1 Ne4 31. Nd5 Nc5 32. dxc5 Rxe2 33. Ne3 Rxb2 34. cxd6 Qd8 0-1

[Event "Sao Paulo-ch fin"]
[Site "Serra Negra"]
[Date "2002.??.??"]
[Round "?"]
[White "De Toledo, James Mann"]
[Black "El Debs, Felipe de Cresce"]
[Result "1/2-1/2"]
[WhiteElo "2371"]
[BlackElo "2238"]
[PlyCount "96"]
[EventDate "2002.05.30"]
[EventType "swiss"]
[EventRounds "9"]
[EventCountry "BRA"]
[SourceTitle "CBM 088 Extra"]
[Source "ChessBase"]
[SourceDate "2002.07.01"]
[SourceVersion "2"]
[SourceVersionDate "2002.07.01"]
[SourceQuality "1"]

1. Nf3 c5 2. b3 Nf6 3. Bb2 e6 4. e3 Be7 5. d4 0-0 6. Bd3 b6 7. Nbd2 Bb7 8. 0-0 Nc6 9. a3 d6 10. c4 Rc8 11. Rc1 d5 12. dxc5 Bxc5 13. b4 Be7 14. Qe2 Qd6 15. cxd5 Qxd5 16. e4 Qh5 17. Ba6 Bxa6 18. Qxa6 Rc7 19. Be5 Nb8 20. Qa4 Rd7 21. Rc7 b5 22. Qc2 Rfd8 23. Nb3 Ne8 24. Rc8 Rxc8 25. Qxc8 Rd8 26. Qb7 Nd7 27. Bg3 Nef6 28. Rd1 Nf8 29. Rxd8 Bxd8 30. e5 Qf5 31. Nbd2 Nd5 32. Qxb5 Qc2 33. Qc4 Qb2 34. Qd3 a5 35. bxa5 Bxa5 36. Nc4 Qb5 37. Nd4 Qa6 38. Qb3 Bc7 39. Qb5 Qa8 40. h3 Ng6 41. Qc6 Qb8 42. Nb5 h5 43. Nxc7 Nxc7 44. Qb6 Qd8 45. Qd6 Qb8 46. Qb4 Qd8 47. Qd6 Qb8 48. Qb4 Qd8 1/2-1/2

[Event "Sao Paulo-ch fin"]
[Site "Serra Negra"]
[Date "2002.??.??"]
[Round "?"]
[White "Medeiros, Horacio Prol"]
[Black "De Toledo, James Mann"]
[Result "0-1"]
[WhiteElo "2172"]
[BlackElo "2371"]
[PlyCount "52"]
[EventDate "2002.05.30"]
[EventType "swiss"]
[EventRounds "9"]
[EventCountry "BRA"]
[SourceTitle "CBM 088 Extra"]
[Source "ChessBase"]
[SourceDate "2002.07.01"]
[SourceVersion "2"]
[SourceVersionDate "2002.07.01"]
[SourceQuality "1"]

1. e4 c5 2. Nf3 Nc6 3. d4 cxd4 4. Nxd4 e6 5. Nc3 Qc7 6. Bc4 a6 7. Bb3 b5 8. 0-0 Bb7 9. Kh1 Nf6 10. f4 Nxd4 11. Qxd4 Bc5 12. Qd3 b4 13. e5 bxc3 14. exf6 gxf6 15. Be3 cxb2 16. Rad1 Rg8 17. Rf2 Bxe3 18. Qxe3 Qc6 19. Rf3 Qe4 20. Qd2 Qxf3 21. Qxd7+ Kf8 22. Qd6+ Kg7 23. gxf3 Bxf3+ 24. Kg1 Rad8 25. Qxd8 Rxd8 26. Rb1 Rd1+ 0-1